Banking and finance collections

Bibliographic Details
Other Authors: Deuss, Jean
Format: Book
Published: New York : The Haworth Press , 1984
Subjects:

MARC

LEADER 00000cam a2200000 7i4500
001 0000005191
002 000005609
005 20100928.0
020 |a 0866562524 
090 0 0 |a 026.332   |b BAN 
245 0 0 |a Banking and finance collections   |c edited by Jean Deuss 
260 |a New York :   |b The Haworth Press ,   |c 1984 
300 |a 164p. ;   |c 22cm. 
650 0 0 |a Banks and banking   |x Library resources   |z Canada   |x Handbooks, manuals, etc 
650 0 0 |a Finance   |x Library resources   |z United States   |x Handbooks, manuals, etc 
700 1 |a Deuss, Jean 
999 |a 031167   |b BUKU   |c RUJUKAN   |e PERPUSTAKAAN KOMUNITI PETALING JAYA